<?xml version="1.0" encoding="UTF-8"?>
<record
    xmlns:xsi="http://www.w3.org/2001/XMLSchema-instance"
    xsi:schemaLocation="http://www.loc.gov/MARC21/slim http://www.loc.gov/standards/marcxml/schema/MARC21slim.xsd"
    xmlns="http://www.loc.gov/MARC21/slim">

  <leader>00986nam a2200145Ia 4500</leader>
  <controlfield tag="008">100415s9999    xx            000 0 und d</controlfield>
  <datafield tag="082" ind1=" " ind2=" ">
    <subfield code="b">7416</subfield>
    <subfield code="a">574.5</subfield>
  </datafield>
  <datafield tag="100" ind1=" " ind2=" ">
    <subfield code="a">INGA (ED.)</subfield>
  </datafield>
  <datafield tag="245" ind1=" " ind2=" ">
    <subfield code="a">Conservation of Vegetation in Africa South of the Sahara : Proceedings of a Symposium held at the 6th Plenary meeting of the Association pour I'Etude Taxonomique de la Flore d'Afrique Tropicale (AETFAT) in Uppsala, Sept. 12-16 1966</subfield>
  </datafield>
  <datafield tag="260" ind1=" " ind2=" ">
    <subfield code="a">UPPSALA</subfield>
    <subfield code="c">1968</subfield>
    <subfield code="b">AETFAT</subfield>
  </datafield>
  <datafield tag="365" ind1=" " ind2=" ">
    <subfield code="b">0</subfield>
  </datafield>
  <datafield tag="630" ind1=" " ind2=" ">
    <subfield code="a">Conservation of Vegetation in Africa South of the Sahara : Proceedings of a Symposium held at the 6th Plenary meeting of the Association pour I'Etude Taxonomique de la Flore d'Afrique Tropicale (AETFAT) in Uppsala, Sept. 12-16 1966</subfield>
  </datafield>
  <datafield tag="730" ind1=" " ind2=" ">
    <subfield code="a">Conservation of Vegetation in Africa South of the Sahara : Proceedings of a Symposium held at the 6th Plenary meeting of the Association pour I'Etude Taxonomique de la Flore d'Afrique Tropicale (AETFAT) in Uppsala, Sept. 12-16 1966</subfield>
  </datafield>
  <datafield tag="942" ind1=" " ind2=" ">
    <subfield code="c">BOOK</subfield>
  </datafield>
  <datafield tag="999" ind1=" " ind2=" ">
    <subfield code="c">590369</subfield>
    <subfield code="d">590366</subfield>
  </datafield>
  <datafield tag="952" ind1=" " ind2=" ">
    <subfield code="0">0</subfield>
    <subfield code="1">0</subfield>
    <subfield code="4">0</subfield>
    <subfield code="7">0</subfield>
    <subfield code="a">BNHS</subfield>
    <subfield code="b">BNHS</subfield>
    <subfield code="d">1997-08-12</subfield>
    <subfield code="g">0.00</subfield>
    <subfield code="l">0</subfield>
    <subfield code="o">574.5 7416</subfield>
    <subfield code="p">BNHS-7416</subfield>
    <subfield code="r">2010-04-15 00:00:00</subfield>
    <subfield code="w">2010-04-15</subfield>
    <subfield code="y">BOOK</subfield>
  </datafield>
</record>
